| 000 | 00458nam a2200181Ia 4500 | ||
|---|---|---|---|
| 008 | 191130s2007##################000#0#eng## | ||
| 020 | _a9781591025412 | ||
| 022 | _a2007001608 | ||
| 040 |
_aACL _cACL |
||
| 082 | _a813.6 KEN | ||
| 100 | _aKenyon, Kay | ||
| 245 |
_aBright of the sky _cKay Kenyon |
||
| 260 |
_aAmherst, NY _bPyr _c2007 |
||
| 300 | _a453 p. ; 24 cm. | ||
| 990 | _aa067b61dac10000c2ec01b07ad516dfd | ||
| 991 | _a337516 | ||
| 999 |
_c249006 _d249006 |
||